=LDR 00000nam 2200000 4500 =001 INLIS000000000028737 =005 20241205103938 =035 ##$$a 0010-061300000028737 =008 241205################g##########0#ind## =041 ##$$a ind =082 ##$$a 341.33 =090 ##$$a 341.33, SUR p =100 ##$$a Suryono, Edy =245 1#$$a Perkembangan hukum diplomatik, /$c Edy Suryono =260 ##$$a Bandung :$b Mandar Maju,$c 1992 =300 ##$$a xii, 202 hlm., 22 cm ; $c 21 X 14 cm =650 #4$$a Hukum Diplomatik =850 ##$$a NBPNMAT =020 ##$$a 979-538-043-5 =084 ##$$a 341.33 SUR p =990 ##$$a 75.400/Pro.94 =990 ##$$a 00054043